000
00289nam a22001337a 4500
008
210310b ||||| |||| 00| 0 eng d
041
_a
eng
080
_a
32
082
_a
32
100
_a
20
101
_a
SHP
245
_a
Frontiers of Democratic Theory
_c
Kariel,H.S
942
_2
udc
_c
BK
999
_c
56167
_d
56167